| 000 | 00860nam a22002412 4500 | ||
|---|---|---|---|
| 001 | 0000021208 | ||
| 005 | 20151217155231.0 | ||
| 008 | 120206s xx 000 0 eng d | ||
| 020 | _a1412939751 : | ||
| 040 |
_aKABU _cKABU |
||
| 100 | 1 |
_aStringer, Ernest T. _@0000181950 |
|
| 245 | 1 | 0 |
_aIntegrating teaching, learning, and action research : _benhancing instruction in the K-12 classroom / _cErnest T. Stringer, Lois McFadyen Christensen, Shelia C. Baldwin. |
| 250 | _a1st ed. | ||
| 260 |
_aLos Angeles : _bSage, _c2009. |
||
| 300 | _axiv, 184 p. | ||
| 650 | 0 |
_aAction research in education. _@0000180882 |
|
| 650 | 0 |
_aTeaching. _@0000153520 |
|
| 700 | 1 |
_aChristensen, Lois McFadyen. _@0000181951 |
|
| 700 | 1 |
_aBaldwin, Shelia C. _@0000181952 |
|
| 852 | 1 | _9p3950.40 KES | |
| 908 | _a120206 | ||
| 950 | _@1 | ||
| 999 |
_c12171 _d12171 |
||